000 00277cam a22001095i 4500
020 _a9789264224070
040 _cDLC
082 _a338 OEDC 2014 A117 Or.
245 0 0 _aTowards green growth in Southeast Asia :
_bOECD green growth studies.
300 _a185 pages
942 _cAEDBB
999 _c17557
_d17557